000 01010nam a2200265 a 4500
001 000013980
005 20240412074240.0
008 091202s1998 dr 000 0 spa d
020 _a9789993462712
040 _aDO-SdBNP
_bspa
_cBNPHU
082 _aRD861.44
_bB333pr
100 1 _aBatista, León Félix,
_d1964-
_912031
245 1 0 _aProsa del que está en la esfera /
_cLeón Félix Batista.
260 _aSanto Domingo :
_bUniversitaria,
_c1998.
300 _a273 p. ;
_c21 cm.
490 1 _aPublicaciones de la Universidad Autónoma de Santo Domingo
_v1322
490 1 _aLiteratura y sociedad
_v68
590 _aLa biblioteca posee 3 ejemplares autografiados
590 _aInventariado, 2018/LP
650 0 _aPoesía dominicana
_966
650 0 _aLiteratura dominicana.
_967
710 1 _aUniversidad Autónoma de Santo Domingo
_972951
830 0 _aPublicaciones de la Universidad Autónoma de Santo Domingo
_v1322
_pLiteratura y sociedad
_n68
_931644
910 _aValidado. Control de calidad MMOLINA
999 _c13584
_d13584